Countries with the most Fortune 500 Companies - Statistics

General Stats
  • This quiz has been taken 166 times
  • The average score is 8 of 9
Answer Stats
Number of Companies Answer % Correct
109 China
100%
133 United States
100%
29 France
99%
29 Germany
99%
51 Japan
99%
21 United Kingdom
99%
15 South Korea
94%
15 Netherlands
78%
13 Switzerland
73%
No matching quizzes found
Score Distribution
Percent of People with Each Score
Percentile by Number Answered
Your Score History
You have not taken this quiz